The closing circle : Nature, man, and technology

Đã lưu trong:
Bibliografiske detaljer
Hovedforfatter: Commoner, Barry
Format: Bog
Sprog:Undetermined
Udgivet: New York Alfred A. Knopf 1974
Fag:
Tags: Tilføj Tag
Ingen Tags, Vær først til at tagge denne postø!
Thư viện lưu trữ: Trung tâm Học liệu Trường Đại học Cần Thơ
LEADER 00555nam a2200205Ia 4500
001 CTU_83646
008 210402s9999 xx 000 0 und d
082 |a 301.3 
082 |b C734 
100 |a Commoner, Barry 
245 4 |a The closing circle : 
245 0 |b Nature, man, and technology 
245 0 |c Barry Commoner 
260 |a New York 
260 |b Alfred A. Knopf 
260 |c 1974 
650 |a Nature 
650 |x Effect of human beings on pollution 
904 |i Qhieu(sửa) 
980 |a Trung tâm Học liệu Trường Đại học Cần Thơ